Syntéza reči v mobilnom telefóne pomocou parametrizovanej databázy

Gespeichert in:
Bibliographische Detailangaben
1. Verfasser: Makovínyi, Pavel, 1986- (Verfasst von)
Weitere Verfasser: Rybárová, Renáta, 1983- (Betreuung Doktorarbeit)
Format: Manuskript Buch
Sprache:Slowakisch
Veröffentlicht: Bratislava : STU v Bratislave FEI, 2011
Schlagworte:
Online-Zugang:VAIS
Tags: Tag hinzufügen
Keine Tags, Fügen Sie das erste Tag hinzu!

MARC

LEADER 00000ntm a22000003a 4500
001 stu230813
005 20150617230140.0
008 110709s2011----xo------------------slo-d
040 |a STU  |b slo 
041 0 |a slo 
044 |a xo 
100 1 |a Makovínyi, Pavel,  |d 1986-  |4 aut  |u E  |T FEI Fakulta elektrotechniky a informatiky  |X 28594  |U E  |Y 30  |7 A000028594 
242 0 0 |a Speech synthesis in mobile phone using parametric database  |y eng 
245 1 |a Syntéza reči v mobilnom telefóne pomocou parametrizovanej databázy 
260 |a Bratislava :  |b STU v Bratislave FEI,  |c 2011 
300 |a 56 s 
650 7 |a Telekomunikácie  |2 stusub 
650 7 |a Telecommunications  |2 estusub 
650 7 |a syntéza reči  |2 stusub 
650 7 |a multimediálne systémy  |2 stusub 
700 1 |a Rybárová, Renáta,  |d 1983-  |4 ths  |u E240  |U FEI Fakulta elektrotechniky a informatiky  |T FEI Katedra telekomunikácií  |X 24508  |U E240  |Y 72  |7 A000024508 
856 4 |a info a plný text  |u http://is.stuba.sk/zp/portal_zp.pl?podrobnosti=71864  |3 VAIS 
996 |b 284EP09694  |c E*DIPL-9694  |l EE16  |s P  |a 0  |w stu230813_0001